100 cases in psychiatry. (Record no. 30677)

MARC details
000 -LEADER
fixed length control field 00844nam a2200229 a 4500
008 - FIXED-LENGTH DATA ELEMENTS--GENERAL INFORMATION
fixed length control field 130516s2010 ||||||||||||||||| || u
020 ## - INTERNATIONAL STANDARD BOOK NUMBER
International Standard Book Number 9780340986011
050 ## - LIBRARY OF CONGRESS CALL NUMBER
Classification number RC 456 Hun
100 ## - MAIN ENTRY--PERSONAL NAME
Personal name Rees, P. John
245 10 - TITLE STATEMENT
Title 100 cases in psychiatry.
Statement of responsibility, etc. by Barry Wright, Subodh Dave and Nisha Dogra.
260 ## - PUBLICATION, DISTRIBUTION, ETC.
Place of publication, distribution, etc. London:
Name of publisher, distributor, etc. Hodder Arnold
Date of publication, distribution, etc. 2010
300 ## - PHYSICAL DESCRIPTION
Extent xi, 265p.:
490 ## -
-- 100 cases series
500 ## - GENERAL NOTE
General note SCHOOL OF MEDICINE
650 ## - SUBJECT ADDED ENTRY--TOPICAL TERM
Topical term or geographic name entry element PSYCHIATRY--HANDBOOKS, MANUALS, ETC
650 ## - SUBJECT ADDED ENTRY--TOPICAL TERM
Topical term or geographic name entry element MENTAL ILLNESS--HANDBOOKS, MANUALS, ETC
650 ## - SUBJECT ADDED ENTRY--TOPICAL TERM
Topical term or geographic name entry element PSYCHOLOGICAL MANIFESTATIONS
700 ## - ADDED ENTRY--PERSONAL NAME
Personal name Wright, Barry
700 ## - ADDED ENTRY--PERSONAL NAME
Personal name Dave, Subodh
700 ## - ADDED ENTRY--PERSONAL NAME
Personal name Dogra, Nisha
995 ## -
-- MEDICAL LIBRARY OPEN ACCESS
-- 901996
-- CBU-SCHOOL OF MEDICINE LIBRARY (Ndola)
-- RC 456 Hun
-- 1
-- AVAILABLE
-- May 21, 2013
-- 901996
-- Medical Library Open Access Collection
999 ## -
-- 30677
-- 30677
Holdings
Withdrawn status Lost status Source of classification or shelving scheme Damaged status Not for loan Permanent Location Current Location Shelving location Date acquired Total Checkouts Full call number Barcode Date last seen Price effective from Koha item type
          CBU-SCHOOL OF MEDICINE LIBRARY, NDOLA. CBU-SCHOOL OF MEDICINE LIBRARY, NDOLA.   11/30/2022   RC 456 Hun 901996 11/30/2022 11/30/2022 MONOGRAPH